000 01139nam a2200301Ia 4500
001 ebr10329699
003 CaPaEBR
006 m u
007 cr cn|||||||||
008 980527s1999 nyua sb 001 0 eng d
010 _z 98024609
020 _z9780195117752
020 _z0195117751 (acid-free paper)
040 _aCaPaEBR
_cCaPaEBR
035 _a(OCoLC)666995216
050 1 4 _aQD466.5.C1
_bC75 1999eb
100 1 _aCriss, R. E.
245 1 0 _aPrinciples of stable isotope distribution
_h[electronic resource] /
_cRobert E. Criss.
260 _aNew York :
_bOxford University Press,
_c1999.
300 _ax, 254 p. :
_bill.
504 _aIncludes bibliographical references and index.
533 _aElectronic reproduction.
_bPalo Alto, Calif. :
_cebrary,
_d2009.
_nAvailable via World Wide Web.
_nAccess may be limited to ebrary affiliated libraries.
650 0 _aStable isotopes.
650 0 _aIsotopes.
655 7 _aElectronic books.
_2local
710 2 _aebrary, Inc.
856 4 0 _uhttp://site.ebrary.com/lib/rucke/Doc?id=10329699
_zAn electronic book accessible through the World Wide Web; click to view
999 _c158110
_d158110